Enviournment and development traditions , concerus and efforts (Record no. 238613)

MARC details
000 -LEADER
fixed length control field 00505nam a2200181Ia 4500
003 - CONTROL NUMBER IDENTIFIER
control field OSt
005 - DATE AND TIME OF LATEST TRANSACTION
control field 20260312151655.0
008 - FIXED-LENGTH DATA ELEMENTS--GENERAL INFORMATION
fixed length control field 250729s1995 xx 000 0 und d
040 ## - CATALOGING SOURCE
Transcribing agency AL
041 ## - LANGUAGE CODE
Language code of text/sound track or separate title eng
082 ## - DEWEY DECIMAL CLASSIFICATION NUMBER
Classification number 372.8 CENE
100 ## - MAIN ENTRY--PERSONAL NAME
Personal name Center for Enviournment Education
9 (RLIN) 230101
245 ## - TITLE STATEMENT
Title Enviournment and development traditions , concerus and efforts
260 ## - PUBLICATION, DISTRIBUTION, ETC.
Place of publication, distribution, etc. Ahamadabad
Name of publisher, distributor, etc. Center for Enviournment Education
Date of publication, distribution, etc. 1995
300 ## - PHYSICAL DESCRIPTION
Extent 50p
650 ## - SUBJECT ADDED ENTRY--TOPICAL TERM
Topical term or geographic name entry element Education
9 (RLIN) 230102
942 ## - ADDED ENTRY ELEMENTS (KOHA)
Source of classification or shelving scheme Dewey Decimal Classification
Koha item type School of Education

No items available.